The spell of the sensuous : (Record no. 18426)
[ view plain ]
| 000 -LEADER | |
|---|---|
| fixed length control field | 00612cam a2200217Ia 4500 |
| 020 ## - INTERNATIONAL STANDARD BOOK NUMBER | |
| ISBN | 0679776397 |
| 020 ## - INTERNATIONAL STANDARD BOOK NUMBER | |
| ISBN | 9780679776390 |
| 040 ## - CATALOGING SOURCE | |
| Transcribing agency | YMM |
| 082 ## - DEWEY DECIMAL CLASSIFICATION NUMBER | |
| Classification number | 128 VIN 1996 C145 Or. |
| 100 1# - MAIN ENTRY--AUTHOR NAME | |
| Personal name | Abram, David, |
| 245 14 - TITLE STATEMENT | |
| Title | The spell of the sensuous : |
| Remainder of title | perception and language in a more-than-human world / |
| 250 ## - EDITION STATEMENT | |
| Edition statement | 1st ed |
| 260 ## - PUBLICATION, DISTRIBUTION, ETC. (IMPRINT) | |
| Place of publication | New York : |
| Name of publisher | Vintage Books, |
| Year of publication | c1996 |
| 300 ## - PHYSICAL DESCRIPTION | |
| Number of Pages | xii, 326 p. ; |
| Dimensions | 25 cm |
| 650 #0 - SUBJECT ADDED ENTRY--TOPICAL TERM | |
| Topical Term | Philosophy of nature |
| 650 #0 - SUBJECT ADDED ENTRY--TOPICAL TERM | |
| Topical Term | Human body (Philosophy) |
| 650 #0 - SUBJECT ADDED ENTRY--TOPICAL TERM | |
| Topical Term | Sense (Philosophy) |
| 650 #0 - SUBJECT ADDED ENTRY--TOPICAL TERM | |
| Topical Term | Perception (Philosophy) |
| 650 #0 - SUBJECT ADDED ENTRY--TOPICAL TERM | |
| Topical Term | Human ecology |
| 942 ## - ADDED ENTRY ELEMENTS (KOHA) | |
| Koha item type | ADB |
| 952 ## - LOCATION AND ITEM INFORMATION (KOHA) | |
| Withdrawn status [LOCAL, KOHA] | 0 |
| Source of acquisition | Permanent Location | Date acquired | Koha item type | Lost status | Shelving location | Current Location | Full call number |
|---|---|---|---|---|---|---|---|
| A36676 | Library Block C | 2019-11-28 | ADB | C145 | Library Block C | 128 VIN 1996 C145 Or. |